[Event "COL-ch sf (Women)"]
[Site "Pereira"]
[Date "2024.03.28"]
[Round "2"]
[White "Diaz Gonzalez, Ana Sofia"]
[Black "Susunaga Duran, Madelen Fernanda"]
[Result "1-0"]
[WhiteElo "1749"]
[BlackElo "1614"]
[PlyCount "69"]
[EventDate "2024.03.27"]
[EventType "swiss"]
[EventRounds "9"]
[EventCountry "COL"]
[SourceTitle "CB14_2024"]
[SourceDate "2024.04.01"]
[SourceVersion "1"]
[SourceVersionDate "2024.04.01"]
[SourceQuality "1"]

1. e4 e6 2. d4 d5 3. e5 c5 4. c3 Nc6 5. Nf3 Qb6 6. a3 Bd7 7. b4 cxd4 8. cxd4 Rc8 9. Bb2 Na5 10. Nbd2 a6 11. Ra2 Nc6 12. Bd3 Na7 13. 0-0 Bb5 14. Nb3 Bxd3 15. Qxd3 Qb5 16. Qe3 b6 17. Rc1 Ne7 18. Raa1 Qd7 19. Rxc8+ Nexc8 20. Rc1 Be7 21. h4 0-0 22. Rc2 f5 23. exf6 Bxf6 24. Ne5 Bxe5 25. Qxe5 Nd6 26. Nd2 Nc6 27. Qe2 Nf5 28. Nf3 b5 29. Rc5 Nd6 30. Ng5 Re8 31. Qc2 g6 32. Rxc6 Nc4 33. Rc5 Rf8 34. Bc1 Qd6 35. h5 1-0

[Event "COL-ch U20 Girls"]
[Site "Cali"]
[Date "2024.03.02"]
[Round "6"]
[White "Lopez Mahecha, Natalia"]
[Black "Susunaga Duran, Madelen Fernanda"]
[Result "1-0"]
[WhiteElo "1375"]
[BlackElo "1357"]
[PlyCount "91"]
[EventDate "2024.02.28"]
[EventType "swiss"]
[EventRounds "9"]
[EventCountry "COL"]
[SourceTitle "CB11_2024"]
[SourceDate "2024.03.13"]
[SourceVersion "1"]
[SourceVersionDate "2024.03.13"]
[SourceQuality "1"]

1. e4 e6 2. d4 d5 3. Nc3 Nf6 4. e5 Nfd7 5. f4 c5 6. Nf3 Nc6 7. Be3 cxd4 8. Nxd4 a6 9. Qd2 Be7 10. Be2 Nxd4 11. Bxd4 b5 12. Bf3 Nb6 13. b3 Qc7 14. 0-0 Bc5 15. Ne2 Bb7 16. c3 Rc8 17. Rac1 0-0 18. Qe3 Nd7 19. h3 Qb6 20. b4 Bxd4 21. Nxd4 Rc7 22. Rc2 Rfc8 23. Rfc1 Nb8 24. Kf2 Nc6 25. Nxc6 Qxe3+ 26. Kxe3 Rxc6 27. Kd3 f6 28. exf6 gxf6 29. f5 Re8 30. fxe6 Rcxe6 31. Re2 Rxe2 32. Bxe2 Re5 33. Bf3 Re6 34. Kd4 Rd6 35. Re1 Kf8 36. Bh5 Rd7 37. Bg4 Rg7 38. Re2 Rc7 39. Bf3 Rc4+ 40. Kd3 Rc6 41. a4 bxa4 42. Ra2 Re6 43. Rxa4 Bc6 44. Ra5 Bb5+ 45. Kd4 Rd6 46. Bxd5 1-0

[Event "Pereira GP op 2nd"]
[Site "Pereira"]
[Date "2023.10.22"]
[Round "4"]
[White "Bermudez Rojas, Alejandro"]
[Black "Susunaga Duran, Madelen Fernanda"]
[Result "0-1"]
[WhiteElo "1281"]
[BlackElo "1392"]
[PlyCount "36"]
[EventDate "2023.10.21"]
[EventType "swiss"]
[EventRounds "6"]
[EventCountry "COL"]
[SourceTitle "Mega2024 Update 01"]
[Source "Chessbase"]
[SourceDate "2023.11.12"]
[SourceVersion "1"]
[SourceVersionDate "2023.11.12"]
[SourceQuality "1"]

1. e4 e6 2. d4 d5 3. e5 c5 4. c3 Qb6 5. Nf3 Nc6 6. Bd3 cxd4 7. cxd4 Bd7 8. 0-0 Nxd4 9. Nxd4 Qxd4 10. Nc3 Qb6 11. Qc2 Rc8 12. Na4 Qa5 13. Nc3 d4 14. Bd2 dxc3 15. Bxc3 Bb4 16. Bxb4 Qxb4 17. Qe2 Ne7 18. Rac1 0-0 0-1

[Event "Pereira GP op 2nd"]
[Site "Pereira"]
[Date "2023.10.22"]
[Round "6"]
[White "Zuluaga, Nicolas"]
[Black "Susunaga Duran, Madelen Fernanda"]
[Result "1-0"]
[WhiteElo "1616"]
[BlackElo "1392"]
[PlyCount "67"]
[EventDate "2023.10.21"]
[EventType "swiss"]
[EventRounds "6"]
[EventCountry "COL"]
[SourceTitle "Mega2024 Update 01"]
[Source "Chessbase"]
[SourceDate "2023.11.12"]
[SourceVersion "1"]
[SourceVersionDate "2023.11.12"]
[SourceQuality "1"]

1. d4 Nf6 2. Nf3 g6 3. g3 Bg7 4. Bg2 d5 5. 0-0 0-0 6. Bf4 Nbd7 7. Nc3 c5 8. Nb5 Ne8 9. Ne5 Nxe5 10. Bxe5 Bxe5 11. dxe5 e6 12. b3 Qa5 13. a4 a6 14. Na3 Qc7 15. f4 Ng7 16. e4 d4 17. Nc4 Bd7 18. Rf3 Bc6 19. Qe2 Ne8 20. c3 Rd8 21. cxd4 Rxd4 22. Rd3 Rxd3 23. Qxd3 Qd7 24. Nd6 Nc7 25. Rd1 Rd8 26. Qc2 b6 27. Bf3 Ne8 28. Nxf7 Qxf7 29. Rxd8 Qe7 30. Qd2 b5 31. axb5 axb5 32. Qd6 Qxd6 33. exd6 Kf7 34. Kf2 1-0

[Event "Pereira GP op 2nd"]
[Site "Pereira"]
[Date "2023.10.21"]
[Round "2"]
[White "Lopez Martinez, Oscar Mauricio"]
[Black "Susunaga Duran, Madelen Fernanda"]
[Result "0-1"]
[WhiteElo "1332"]
[BlackElo "1392"]
[PlyCount "51"]
[EventDate "2023.10.21"]
[EventType "swiss"]
[EventRounds "6"]
[EventCountry "COL"]
[SourceTitle "Mega2024 Update 01"]
[Source "Chessbase"]
[SourceDate "2023.11.12"]
[SourceVersion "1"]
[SourceVersionDate "2023.11.12"]
[SourceQuality "1"]

1. e4 e6 2. d4 d5 3. Nc3 Nf6 4. Bd3 c5 5. Nf3 Nc6 6. Be3 Qb6 7. b3 Bd7 8. e5 Ng4 9. 0-0 Nxe3 10. fxe3 cxd4 11. exd4 Nxd4 12. Nxd4 Qxd4+ 13. Kh1 Qxc3 14. Qf3 f6 15. exf6 gxf6 16. Qxf6 Qxf6 17. Rxf6 Bg7 18. Raf1 Bxf6 19. Rxf6 Ke7 20. Rh6 Raf8 21. h3 Rf6 22. Rh5 Be8 23. Re5 Bg6 24. Bxg6 Rxg6 25. c4 Kd6 26. Re2 0-1

[Event "Rivera Huila Hernandez Memorial-B"]
[Site "Rivera Huila"]
[Date "2023.07.21"]
[Round "3"]
[White "Susunaga Duran, Madelen Fernanda"]
[Black "Melgarejo Luna, Jonathan"]
[Result "1-0"]
[WhiteElo "1197"]
[BlackElo "1631"]
[PlyCount "81"]
[EventDate "2023.07.20"]
[EventType "swiss"]
[EventRounds "7"]
[EventCountry "COL"]
[SourceTitle "CBM 215 Extra"]
[Source "ChessBase"]
[SourceDate "2023.09.30"]
[SourceVersion "1"]
[SourceVersionDate "2023.09.30"]
[SourceQuality "1"]

1. e4 e6 2. d4 d5 3. Nc3 dxe4 4. Nxe4 Nd7 5. Nf3 Ngf6 6. Ng3 b6 7. Be2 Bb7 8. 0-0 Be7 9. Re1 0-0 10. c4 c5 11. b3 cxd4 12. Nxd4 Bc5 13. Bf3 Qc7 14. Nb5 Qc8 15. Ne4 Nxe4 16. Bxe4 Bxe4 17. Rxe4 Nf6 18. Re2 a6 19. Nc3 Rd8 20. Rd2 Qc7 21. Qf3 Qe5 22. Re2 Qd4 23. Bb2 Qd6 24. h3 Bd4 25. Rd1 Qc7 26. Rxd4 Rxd4 27. Qxa8+ Rd8 28. Qxa6 Nh5 29. Re1 Nf4 30. Nb5 Qc6 31. f3 Ra8 32. Na7 Qc5+ 33. Kf1 Nh5 34. g4 Nf4 35. Qb7 Rd8 36. Nc6 Nxh3 37. Bd4 Qd6 38. Nxd8 Qxd8 39. Qxb6 Qa8 40. Kg2 Nf4+ 41. Kg3 1-0

[Event "Pan American-ch U20 Girls"]
[Site "Pereira"]
[Date "2022.08.28"]
[Round "9"]
[White "Lopez Mahecha, Natalia"]
[Black "Susunaga Duran, Madelen Fernanda"]
[Result "0-1"]
[WhiteElo "1197"]
[BlackElo "1204"]
[PlyCount "86"]
[EventDate "2022.08.23"]
[EventType "swiss"]
[EventRounds "9"]
[EventCountry "COL"]
[SourceTitle "CBM 210 Extra"]
[Source "ChessBase"]
[SourceDate "2022.11.30"]
[SourceVersion "1"]
[SourceVersionDate "2022.11.30"]
[SourceQuality "1"]

1. e4 e5 2. Nf3 Nc6 3. Bc4 Bc5 4. c3 Nf6 5. d4 exd4 6. cxd4 Bb4+ 7. Bd2 Bxd2+ 8. Nbxd2 d5 9. exd5 Nxd5 10. Qb3 Na5 11. Qa4+ c6 12. Bxd5 Qxd5 13. 0-0 0-0 14. Rfe1 b6 15. Re5 Qd7 16. Rc1 f6 17. Re3 Qd5 18. b4 Nc4 19. Nxc4 b5 20. Qb3 bxc4 21. Qxc4 Qxc4 22. Rxc4 Bb7 23. Re7 Rab8 24. Rc5 Rfe8 25. Rxe8+ Rxe8 26. g3 Re2 27. Ra5 c5 28. Kf1 Bxf3 29. Ra3 cxb4 30. Rxf3 Rxa2 31. Rb3 a5 32. Ke1 Ra3 33. Rb2 b3 34. h4 Ra1+ 35. Kd2 Ra2 36. Kc1 Rxb2 37. Kxb2 a4 38. f3 Kf7 39. g4 Ke6 40. Kc3 Kd5 41. h5 b2 42. Kxb2 Kxd4 43. Ka3 Ke3 0-1

[Event "Pan American-ch U20 Girls"]
[Site "Pereira"]
[Date "2022.08.24"]
[Round "3"]
[White "Carrillo Riano, Karen Sofia"]
[Black "Susunaga Duran, Madelen Fernanda"]
[Result "1/2-1/2"]
[WhiteElo "1350"]
[BlackElo "1204"]
[PlyCount "92"]
[EventDate "2022.08.23"]
[EventType "swiss"]
[EventRounds "9"]
[EventCountry "COL"]
[SourceTitle "CBM 210 Extra"]
[Source "ChessBase"]
[SourceDate "2022.11.30"]
[SourceVersion "1"]
[SourceVersionDate "2022.11.30"]
[SourceQuality "1"]

1. e4 e5 2. Nf3 Nc6 3. Bc4 Bc5 4. c3 Nf6 5. d3 d6 6. b4 Bb6 7. a4 a5 8. Bd2 Bg4 9. Na3 axb4 10. cxb4 Bxf3 11. gxf3 Nd4 12. a5 Ba7 13. Bg5 h6 14. Bh4 Qe7 15. Rc1 d5 16. Qa4+ c6 17. Bxd5 Nxf3+ 18. Kd1 Nxh4 19. Bxc6+ Nd7 20. Bxb7 Rb8 21. Rc7 Rd8 22. Bd5 Bxf2 23. Rf1 Qf6 24. Kc2 Nf3 25. Kb2 Ne1 26. Kb1 Qf3 27. Nc2 Qe2 28. Rh1 Qxd3 29. a6 0-0 30. Rxe1 Nb6 31. Qc6 Rxd5 32. exd5 Nxd5 33. Rd7 Qb3+ 34. Kc1 Nc3 35. a7 Qb1+ 36. Kd2 Bxe1+ 37. Nxe1 Ne4+ 38. Ke2 Qb2+ 39. Nc2 Nc3+ 40. Kd3 e4+ 41. Kc4 Qxc2 42. a8Q Ne2+ 43. Kb5 Nc3+ 44. Kb6 Rxa8 45. Qxa8+ Kh7 46. Rc7 e3 1/2-1/2

[Event "COL-ch U18 Girls"]
[Site "Medellin"]
[Date "2022.06.05"]
[Round "9"]
[White "Valencia Quinchia, Isabella"]
[Black "Susunaga Duran, Madelen Fernanda"]
[Result "0-1"]
[WhiteElo "1422"]
[BlackElo "1103"]
[PlyCount "34"]
[EventDate "2022.06.01"]
[EventType "swiss"]
[EventRounds "9"]
[EventCountry "COL"]
[SourceTitle "CBM 208 Extra"]
[Source "ChessBase"]
[SourceDate "2022.07.31"]
[SourceVersion "1"]
[SourceVersionDate "2022.07.31"]
[SourceQuality "1"]

1. e4 e5 2. Nf3 Nc6 3. d4 exd4 4. Nxd4 Bc5 5. Nb3 Bb6 6. Nc3 Nf6 7. Qe2 0-0 8. Bg5 Nd4 9. Qc4 Nxc2+ 10. Kd2 Nxa1 11. Nxa1 Re8 12. Nd5 Nxe4+ 13. Qxe4 Qxg5+ 14. f4 Rxe4 15. fxg5 Rd4+ 16. Bd3 Rxd5 17. Re1 Ba5+ 0-1

[Event "COL-ch U16 Girls"]
[Site "Villavicencio"]
[Date "2022.05.13"]
[Round "5"]
[White "Susunaga Duran, Madelen Fernanda"]
[Black "Raigoso Gonzalez, Sharick Lorena"]
[Result "1-0"]
[WhiteElo "1043"]
[BlackElo "1004"]
[PlyCount "53"]
[EventDate "2022.05.11"]
[EventType "swiss"]
[EventRounds "9"]
[EventCountry "COL"]
[SourceTitle "CBM 208 Extra"]
[Source "ChessBase"]
[SourceDate "2022.07.31"]
[SourceVersion "1"]
[SourceVersionDate "2022.07.31"]
[SourceQuality "1"]

1. e4 e5 2. d4 f6 3. dxe5 Qe7 4. exf6 Qxe4+ 5. Qe2 Qxe2+ 6. Nxe2 Nxf6 7. g3 Nc6 8. Bd2 Bc5 9. Bg2 d6 10. 0-0 Bd7 11. Nbc3 a6 12. Nd5 Nxd5 13. Bxd5 0-0-0 14. Nf4 Rde8 15. Rfe1 Rhf8 16. Rxe8+ Rxe8 17. Re1 Nd4 18. Rxe8+ Bxe8 19. c3 Nf5 20. Be6+ Bd7 21. Bxf5 Bxf5 22. Be3 Bxe3 23. fxe3 b5 24. b4 Kb7 25. Kf2 a5 26. a3 c5 27. Kf3 1-0

[Event "COL-ch U16 Girls"]
[Site "Villavicencio"]
[Date "2022.05.11"]
[Round "1"]
[White "Susunaga Duran, Madelen Fernanda"]
[Black "Cardona, Marisol"]
[Result "1-0"]
[WhiteElo "1043"]
[BlackElo "1295"]
[PlyCount "90"]
[EventDate "2022.05.11"]
[EventType "swiss"]
[EventRounds "9"]
[EventCountry "COL"]
[SourceTitle "CBM 208 Extra"]
[Source "ChessBase"]
[SourceDate "2022.07.31"]
[SourceVersion "1"]
[SourceVersionDate "2022.07.31"]
[SourceQuality "1"]

1. e4 d5 2. exd5 Qxd5 3. Nc3 Qa5 4. Nf3 Nf6 5. Bc4 Bf5 6. d3 e6 7. Bd2 c6 8. Ne4 Qd8 9. Ng3 Bg6 10. Bc3 Nbd7 11. Qe2 Be7 12. Ne5 0-0 13. h4 Nxe5 14. Bxe5 h6 15. h5 Bh7 16. Ne4 Nxe4 17. dxe4 Qa5+ 18. Bc3 Bb4 19. Bxb4 Qxb4+ 20. c3 Qc5 21. Rd1 Rad8 22. 0-0 b5 23. Bb3 Qe5 24. Bc2 b4 25. f4 Qc5+ 26. Qf2 Qxf2+ 27. Kxf2 bxc3 28. bxc3 Rb8 29. Rb1 g6 30. Rh1 gxh5 31. Rxh5 Rxb1 32. Bxb1 Rb8 33. Rh1 Rb5 34. Ke3 Kg7 35. Rd1 Bg6 36. Bd3 Rb2 37. Rd2 Rxd2 38. Kxd2 f5 39. Ke3 fxe4 40. Bxe4 Bxe4 41. Kxe4 h5 42. Ke5 Kf7 43. f5 exf5 44. Kxf5 Kg7 45. Kg5 Kf7 1-0

[Event "COL-ch Amateur U1700"]
[Site "Paipa"]
[Date "2020.02.27"]
[Round "2"]
[White "Centanaro Erazo, Nicolle Daniela"]
[Black "Susunaga Duran, Madelen Fernanda"]
[Result "1-0"]
[WhiteElo "1376"]
[BlackElo "1063"]
[PlyCount "36"]
[EventDate "2020.02.26"]
[EventType "swiss"]
[EventRounds "9"]
[EventCountry "COL"]
[SourceTitle "EXT 2021"]
[Source "ChessBase"]
[SourceDate "2020.10.23"]
[SourceVersion "1"]
[SourceVersionDate "2020.10.23"]
[SourceQuality "1"]

1. e4 e5 2. Nf3 Nc6 3. Bc4 Bc5 4. b4 Bxb4 5. c3 Ba5 6. Qb3 Qe7 7. d4 exd4 8. 0-0 Bb6 9. Ng5 Ne5 10. Bf4 Nxc4 11. Qxc4 h6 12. Nf3 Qc5 13. Qd3 dxc3 14. Nxc3 d6 15. e5 Bg4 16. exd6 cxd6 17. Bxd6 Rd8 18. Qe4+ Be6 1-0

[Event "COL-ch U20 Girls"]
[Site "Tolima"]
[Date "2020.02.15"]
[Round "6"]
[White "Tipiani Martinez, Paula Sofia"]
[Black "Susunaga Duran, Madelen Fernanda"]
[Result "1-0"]
[WhiteElo "1271"]
[BlackElo "1017"]
[PlyCount "33"]
[EventDate "2020.02.12"]
[EventType "swiss"]
[EventRounds "7"]
[EventCountry "COL"]
[SourceTitle "CBM 195 Extra"]
[Source "ChessBase"]
[SourceDate "2020.05.31"]
[SourceVersion "1"]
[SourceVersionDate "2020.05.31"]
[SourceQuality "1"]

1. e4 e5 2. Nf3 Nc6 3. Bc4 Bc5 4. c3 Nf6 5. d4 exd4 6. cxd4 Bb4+ 7. Bd2 Bxd2+ 8. Nbxd2 d5 9. exd5 Nxd5 10. 0-0 0-0 11. Re1 Bg4 12. Qc2 Nf6 13. h3 Bxf3 14. Nxf3 Nxd4 15. Nxd4 Qxd4 16. Rad1 Qc5 17. Bxf7+ 1-0

[Event "COL-ch U1800"]
[Site "Villamaria"]
[Date "2019.11.02"]
[Round "3"]
[White "Susunaga Duran, Madelen Fernanda"]
[Black "Arias Lopez, Jesus Miguel"]
[Result "1-0"]
[WhiteElo "1037"]
[BlackElo "1240"]
[PlyCount "66"]
[EventDate "2019.11.01"]
[EventType "swiss"]
[EventRounds "7"]
[EventCountry "COL"]
[SourceTitle "CBM 193 Extra"]
[Source "ChessBase"]
[SourceDate "2020.01.31"]
[SourceVersion "1"]
[SourceVersionDate "2020.01.31"]
[SourceQuality "1"]

1. e4 e5 2. Nf3 Nc6 3. Bc4 Bc5 4. c3 Nf6 5. d4 exd4 6. cxd4 Bb4+ 7. Nc3 Bxc3+ 8. bxc3 Nxe4 9. Qe2 d5 10. Bd3 0-0 11. Bxe4 dxe4 12. 0-0 exf3 13. Qxf3 b6 14. Qxc6 Ba6 15. Re1 Re8 16. Rxe8+ Qxe8 17. Qxe8+ Rxe8 18. Bf4 Re4 19. Bxc7 Re7 20. Bb8 Rb7 21. Bg3 b5 22. Re1 g6 23. Bf4 b4 24. Bh6 f6 25. cxb4 Rxb4 26. h3 Rxd4 27. Re7 Rd1+ 28. Kh2 Ra1 29. Rg7+ Kf8 30. Rxa7+ Ke8 31. Rxa6 Ke7 32. a4 Kd7 33. Be3 Ra3 1-0